000 00522nam a2200181 i 4500
001 145655
003 ES-MaACL
005 20230906201257.0
007 t|
008 071015s1970 sp ||||1| spa d
100 1 _aVernay, Alain.
_9114161
245 1 4 _aLos paraisos fiscales /
_cAlain Vernay ; [traducción de J. Ferrer Aleu].
250 _a[1ª ed.].
260 _a[Barcelona] :
_bPlaza Janés,
_c[1970]
300 _a316 p. ;
_c22 cm.
700 1 _aFerrer Aleu, J.
_950442
852 _aES-MaACL
_jC-38267
_bR.73644
999 _c145655
_d145655